عرض عادي
عرض مارك
- Dishman, Rod K.
مدخل إسم شخص
001 - رقم الضبط
- حقل الضبط: 34788
003 - معرف رقم الضبط
- حقل الضبط: OSt
005 - تاريخ ووقت أخر عملية
- حقل الضبط: 20130326013233.0
008 - عناصر بيانات ثابتة الطول
- حقل تحكم ثابت الطول: 130326|||a|||||| | ||| d
040 ## - مصدر الفهرسة
- هيئة الفهرسة الأصلية: OSt
- وكالة الكتابة: OSt
100 ## - مدخل -- أسم شخص
- إسم شخص: Dishman, Rod K.
670 ## - بيانات المصدر موجوده
- الاستشهاد بالمصدر: Work cat.: (OSt)29308: Dishman, Rod K., Physical activity epidemiology /, c2004.
